Octavo Seminario Nacional de Demografía /
محفوظ في:
| مؤلفون مشاركون: | , |
|---|---|
| التنسيق: | نص |
| منشور في: |
San José:
DGEC. Sección de Publicaciones
|
| الموضوعات: | |
| الوسوم: |
إضافة وسم
لا توجد وسوم, كن أول من يضع وسما على هذه التسجيلة!
|
MARC
| LEADER | 00000 a a2200000 04500 | ||
|---|---|---|---|
| 001 | 34026 | ||
| 003 | |||
| 040 | |||
| 090 | |a 026604 | ||
| 110 | |a Asociación Demográfica Costarricense | ||
| 245 | |a Octavo Seminario Nacional de Demografía / |c Asociación Demográfica Costarricense | ||
| 260 | |a San José: |b DGEC. Sección de Publicaciones | ||
| 300 | |a 249 p. | ||
| 500 | |a También publicado como monografía 36 pág | ||
| 650 | |a FECUNDIDAD | ||
| 650 | |a DETERMINANTES DE LA FECUNDIDA | ||
| 650 | |a ANALISIS DEMOGRAFICO | ||
| 650 | |a TEORIA | ||
| 650 | |a COSTA RICA | ||
| 710 | |a Costa Rica. Ministerio de Economía, Industria y Comercio. Dirección General de Estadística y Censos |a UCR. FCE. Escuela de Estadística |a UNA. Instituto de Estudios Sociales en Población | ||
| 999 | |c 17170 |d 17170 | ||
